Catálogo de la Biblioteca Horacio González - Universidad Nacional de General Sarmiento

¿¿¿Pippiloteca??? : (Registro nro. 12300)

Detalles MARC
000 -CABECERA
campo de control de longitud fija 00704nam a22002770a 4500
001 - NÚMERO DE CONTROL
campo de control PT58320
003 - IDENTIFICADOR DEL NÚMERO DE CONTROL
campo de control AR-LpoUNG
005 - FECHA Y HORA DE LA ÚLTIMA TRANSACCIÓN
campo de control 20210131231850.0
008 - DATOS DE LONGITUD FIJA--INFORMACIÓN GENERAL
campo de control de longitud fija 191001s2013||||mx |||||||||||||||||spa d
020 ## - NÚMERO INTERNACIONAL ESTÁNDAR DEL LIBRO
Número Internacional Estándar del Libro 9786074008203
Condiciones de disponibilidad $12,50
040 ## - FUENTE DE LA CATALOGACIÓN
Centro catalogador/agencia de origen AR-LpoUNG
Lengua de catalogación spa
Centro/agencia transcriptor AR-LpoUNG
Normas de descripción aacr
041 ## - CÓDIGO DE LENGUA
Código de lengua del texto/banda sonora o título independiente spa
044 ## - CÓDIGO DEL PAÍS DE LA ENTIDAD EDITORA/PRODUCTORA
Código MARC del país mx
082 0# - NÚMERO DE LA CLASIFICACIÓN DECIMAL DEWEY
Número de clasificación 808.068 3 327pip
100 1# - ENTRADA PRINCIPAL--NOMBRE DE PERSONA
Nombre de persona Pauli, Lorenz
245 10 - MENCIÓN DE TÍTULO
Título ¿¿¿Pippiloteca??? :
Resto del título una biblioteca maravillosa
250 ## - MENCIÓN DE EDICIÓN
Mención de edición 1ra. ed.
260 ## - PUBLICACIÓN, DISTRIBUCIÓN, ETC.
Lugar de publicación, distribución, etc. México, D.F. :
Nombre del editor, distribuidor, etc. Oceano,
Fecha de publicación, distribución, etc. 2013.
300 ## - DESCRIPCIÓN FÍSICA
Extensión [26] p. :
Otras características físicas il.
650 #4 - PUNTO DE ACCESO ADICIONAL DE MATERIA--TÉRMINO DE MATERIA
Término de materia o nombre geográfico como elemento de entrada CUENTOS
650 #4 - PUNTO DE ACCESO ADICIONAL DE MATERIA--TÉRMINO DE MATERIA
Término de materia o nombre geográfico como elemento de entrada LITERATURA
653 ## - TÉRMINO DE INDIZACIÓN--NO CONTROLADO
Término no controlado LITERATURA INFANTIL
700 1# - PUNTO DE ACCESO ADICIONAL--NOMBRE DE PERSONA
Nombre de persona Schärer, Kathrin
905 ## - ELEMENTOS DE DATOS E LOCAL, LDE (RLIN)
a 58320
942 ## - ELEMENTOS DE PUNTO DE ACCESO ADICIONAL (KOHA)
Tipo de ítem Koha Libro
Existencias
Estado de retiro Estado de pérdida Estado dañado No para préstamo Código de colección Localización permanente Ubicación/localización actual Fecha de adquisición Total de préstamos Renovaciones totales Signatura topográfica completa Código de barras Fecha visto por última vez Fecha del último préstamo Precio válido a partir de Tipo de ítem Koha En préstamo
        Colección Literatura infantojuvenil Biblioteca Universidad Nacional de General Sarmiento Biblioteca Universidad Nacional de General Sarmiento 31/01/2021 11 1 808.068 3 327pip LI00062827 14/05/2026 06/05/2026 31/01/2021 Libro  
        Colección Literatura infantojuvenil Biblioteca Universidad Nacional de General Sarmiento Biblioteca Universidad Nacional de General Sarmiento 31/01/2021     808.068 3 327pip LI00062828 31/01/2021   31/01/2021 Libro  
        Colección Literatura infantojuvenil Biblioteca Universidad Nacional de General Sarmiento Biblioteca Universidad Nacional de General Sarmiento 31/01/2021 8   808.068 3 327pip LI00062829 12/06/2026 12/06/2026 31/01/2021 Libro 13/07/2026
        Colección Literatura infantojuvenil Biblioteca Universidad Nacional de General Sarmiento Biblioteca Universidad Nacional de General Sarmiento 31/01/2021     808.068 3 327pip LI00062830 31/01/2021   31/01/2021 Libro  
        Colección Literatura infantojuvenil Biblioteca Universidad Nacional de General Sarmiento Biblioteca Universidad Nacional de General Sarmiento 31/01/2021     808.068 3 327pip LI00062831 31/01/2021   31/01/2021 Libro